Shows by Picture of the Main Character - Statistics

General Stats
  • This quiz has been taken 65 times
  • The average score is 17 of 24
Answer Stats
Picture Answer % Correct
The Simpsons
98%
The Office
97%
South Park
95%
Breaking Bad
92%
Stranger Things
92%
Family Guy
88%
Pokemon
86%
Star Trek
86%
Sesame Street
78%
Futurama
76%
The Fresh Prince of Bel-Air
76%
Brooklyn Nine-Nine
73%
House
73%
Grey's Anatomy
64%
Seinfeld
63%
Buffy the Vampire Slayer
61%
Parks and Recreation
58%
Sex and the City
56%
How I Met Your Mother
47%
I Love Lucy
41%
Mad Men
41%
The Cosby Show
39%
30 Rock
37%
Frasier
37%
No matching quizzes found
Score Distribution
Percent of People with Each Score
Percentile by Number Answered
Your Score History
You have not taken this quiz